000 00535nam a2200193 a 4500
001 000026020
005 20200930024232.0
008 110225s1936 sp r 000 0 spa d
040 _aDO-SdBNP
_bspa
_cBNPHU
082 _aU864.3
_bR685m
100 1 _aRodó, José Enrique.
_952413
245 1 0 _aMotivos de proteo /
_cJosé Enrique Rodó.
250 _a7a ed.
260 _aBarcelona :
_bCervantes,
_c1936.
300 _a458 p. ;
_c21 cm.
650 4 _aEnsayos uruguayos
_93053
650 4 _aLiteratura uruguaya
_93054
049 _aBNGR
999 _c25512
_d25512